000 00227nam a2200097Ia 4500
008 190216s9999||||xx |||||||||||||| ||und||
100 _aDharmapadan.A.V
245 0 _aStatics(Degree)
260 _bViswanathan Pvt.Ltd
942 _cBK
999 _c32880
_d32880